[Event "4NCL Division 4 South"]
[Site "Reading, ENG"]
[Date "2018.05.06"]
[Round "10.95"]
[White "Finn, Daniel"]
[Black "Towers, Nigel S"]
[Result "0-1"]
[WhiteElo "1596"]
[BlackElo "1827"]
[PlyCount "70"]
[EventDate "2018.05.06"]

1. d4 Nf6 2. Nf3 e6 3. Bg5 h6 4. Bf4 c5 5. e3 b6 6. Be2 Bb7 7. O-O Be7 8. Nbd2
O-O 9. Rc1 Nh5 10. Bxb8 Rxb8 11. c4 Nf6 12. b3 Rc8 13. Re1 cxd4 14. exd4 d5 15.
cxd5 Nxd5 16. Nc4 Bb4 17. Rf1 Nc3 18. Qd3 Nxe2+ 19. Qxe2 Qd5 20. Qe3 Be7 21.
Rfd1 Bg5 22. Qe1 Bxc1 23. Rxc1 Rfd8 24. Rd1 Qh5 25. Qe3 Bxf3 26. gxf3 Qg5+ 27.
Kh1 Qxe3 28. fxe3 b5 29. Na3 a6 30. Re1 Rc3 31. Re2 Rd5 32. Kg2 Rg5+ 33. Kf2
Rc1 34. Re1 Rxe1 35. Kxe1 Rg2 0-1

[Event "4NCL Division 4 South"]
[Site "Reading, ENG"]
[Date "2018.05.06"]
[Round "10.96"]
[White "Homolka, Vincent"]
[Black "Woods, Timothy J"]
[Result "1-0"]
[WhiteElo "1774"]
[BlackElo "1625"]
[PlyCount "75"]
[EventDate "2018.05.06"]

1. c4 g6 2. g3 Bg7 3. Bg2 d6 4. Nc3 Nc6 5. e4 e5 6. Nge2 f5 7. d3 Nf6 8. O-O
O-O 9. h3 Be6 10. Nd5 Qc8 11. Kh2 h6 12. Be3 Qd7 13. Qd2 Kh7 14. Nec3 a6 15.
Rae1 Nh5 16. Ne2 Nd8 17. f4 17... fxe4 $11 18. dxe4 Nf7 19. Rf2 Rad8 20. b3
Rde8 21. Ref1 c6 22. Ndc3 d5 23. cxd5 cxd5 24. exd5 Bf5 25. g4 Bxg4 26. hxg4
Qxg4 27. f5 Ng5 28. fxg6+ Kxg6 29. Bxg5 hxg5 30. Rxf8 Rxf8 31. Rxf8 Bxf8 32.
Qd3+ Kh6 33. Qf3 Qh4+ 34. Qh3 Qxh3+ 35. Kxh3 Nf4+ 36. Nxf4 exf4 37. Kg4 Kg6 38.
Ne4 1-0

[Event "4NCL Division 4 South"]
[Site "Reading, ENG"]
[Date "2018.05.06"]
[Round "10.99"]
[White "Ogunshola, Ben"]
[Black "Smith, Steve"]
[Result "1-0"]
[WhiteElo "2134"]
[BlackElo "1821"]
[PlyCount "71"]
[EventDate "2018.05.06"]

1. c4 e5 2. Nc3 Nc6 3. Nf3 f5 4. d4 e4 5. Nd2 Nxd4 6. Ndxe4 Nc6 7. Bg5 Be7 8.
Bxe7 Qxe7 9. Nd2 Nf6 10. g3 O-O 11. Bg2 d6 12. O-O Bd7 13. Rc1 Rae8 14. e3 Ne5
15. Qb3 Be6 16. Nd5 Nxd5 17. cxd5 Bc8 18. Nc4 Nd7 19. Qc2 Nc5 20. Rfd1 b6 21.
Rd4 a5 22. Nd2 Rf7 23. b3 Ba6 24. a3 Nd7 25. b4 axb4 26. axb4 Rff8 27. Nb3 g6
28. Rd2 Ra8 29. Nd4 Rfc8 30. Nc6 Qg7 31. Qb3 Nf6 32. Nd4 Ne8 33. Rdc2 Qf7 34.
e4 fxe4 35. Bh3 Rcb8 36. Be6 1-0

[Event "4NCL Division 4 South"]
[Site "Reading, ENG"]
[Date "2018.05.06"]
[Round "10.99"]
[White "Eckert, Jonathan"]
[Black "Green, George D A"]
[Result "1-0"]
[WhiteElo "1840"]
[BlackElo "1870"]
[PlyCount "57"]
[EventDate "2018.05.06"]

1. e4 d6 2. Nc3 Nf6 3. f4 c5 4. Nf3 Nc6 5. Bb5 Bd7 6. d3 g6 7. O-O Bg7 8. Qe1
O-O 9. Bxc6 Bxc6 10. f5 Rc8 11. Qh4 Kh8 12. fxg6 fxg6 13. Ng5 Qd7 14. Rxf6 h6
15. Nf7+ Kg8 16. Nxh6+ Bxh6 17. Rxg6+ Bg7 18. Bh6 Rf7 19. Bxg7 Rxg7 20. Rxg7+
Kxg7 21. Qg5+ Kh7 22. Rf1 Qe6 23. Rf4 Qg6 24. Rh4+ Kg7 25. Qxe7+ Kg8 26. Rh3
Re8 27. Qh4 Kf7 28. Qf4+ Ke7 29. Rh6 1-0

[Event "4NCL Division 4 South"]
[Site "Reading, ENG"]
[Date "2018.05.06"]
[Round "10.99"]
[White "Olufemi, George"]
[Black "Hurley, Jake"]
[Result "0-1"]
[WhiteElo "1824"]
[BlackElo "1698"]
[PlyCount "66"]
[EventDate "2018.05.06"]

1. e4 e6 2. d3 d5 3. Nd2 c5 4. Ngf3 Nc6 5. g3 Nf6 6. Bg2 Be7 7. O-O Qc7 8. Qe2
b6 9. e5 Nd7 10. Re1 Bb7 11. Nf1 h6 12. c4 d4 13. h3 O-O-O 14. g4 g5 15. Ng3
Rdg8 16. Nh5 Qb8 17. Kh1 Bd8 18. a3 Bc7 19. b4 Ncxe5 20. bxc5 Nxf3 21. Bxf3
Nxc5 22. Be4 Nxe4 23. dxe4 f5 24. f3 fxe4 25. fxe4 Be5 26. Rb1 Qc7 27. c5 Qxc5
28. Rb5 Qc7 29. Qa2 Re8 30. Bd2 Rhf8 31. Bb4 Rf7 32. Qb2 a5 33. Bxa5 bxa5 0-1

[Event "4NCL Division 4 South"]
[Site "Reading, ENG"]
[Date "2018.05.06"]
[Round "10.99"]
[White "Melsom, Jonathan T"]
[Black "Fernando, Manel"]
[Result "1-0"]
[WhiteElo "1735"]
[BlackElo "1534"]
[PlyCount "91"]
[EventDate "2018.05.06"]

1. e4 e5 2. Nf3 Nc6 3. Bb5 d6 4. O-O Bg4 5. c3 Nf6 6. Re1 Be7 7. d4 O-O 8. d5
Nb8 9. Nbd2 a6 10. Bd3 Nbd7 11. h3 Bh5 12. b4 c6 13. dxc6 bxc6 14. Nf1 a5 15.
Ng3 Bg6 16. a4 Qc7 17. Bb2 Rfb8 18. Qd2 axb4 19. cxb4 Qb7 20. Bc3 Ra7 21. Reb1
Qc7 22. Bc2 d5 23. Qe1 d4 24. Bd2 Nb6 25. Bb3 Nbd7 26. Rc1 h6 27. Ra2 Qb7 28.
Rb2 Kh7 29. Bd1 c5 30. Nf5 Bf8 31. Rc4 Nxe4 32. N5h4 Nxd2 33. Rxd2 cxb4 34.
Nxg6 fxg6 35. Bc2 Re8 36. Nxd4 Nb6 37. Rc6 Re7 38. Qe4 Kg8 39. Qxg6 e4 40. Bb3+
Kh8 41. Rxb6 Qd7 42. Rd6 Qc7 43. Nb5 Qc1+ 44. Rd1 Qc5 45. Nxa7 Rxa7 46. Qe8 1-0

[Event "4NCL Division 4 South"]
[Site "Reading, ENG"]
[Date "2018.05.06"]
[Round "10.99"]
[White "Sloan, Hamish"]
[Black "Parry, Samuel"]
[Result "1/2-1/2"]
[WhiteElo "1525"]
[BlackElo "1577"]
[PlyCount "78"]
[EventDate "2018.05.06"]

1. e4 c5 2. Nf3 d6 3. d4 cxd4 4. Nxd4 Nf6 5. Nc3 g6 6. Be2 Bg7 7. Be3 O-O 8.
O-O Nc6 9. h3 d5 10. exd5 Nb4 11. Bf3 Nbxd5 12. Nxd5 Nxd5 13. Bxd5 Qxd5 14. c3
b6 15. Qf3 Bb7 16. Qxd5 Bxd5 17. Nf3 e5 18. Rfd1 Rad8 19. Nd2 f5 20. f3 Rf7 21.
c4 Bb7 22. Kf1 Ba6 23. Ke1 Bf6 24. Rab1 Rfd7 25. b3 b5 26. c5 b4 27. Nc4 Rxd1+
28. Rxd1 Rxd1+ 29. Kxd1 Bxc4 30. bxc4 Bd8 31. c6 a5 32. Bc5 Bc7 33. Kc2 Kf7 34.
Kb3 Ke6 35. Ka4 e4 36. fxe4 fxe4 37. Kb5 Kf7 38. Ka4 Ke8 39. a3 bxa3 1/2-1/2

[Event "4NCL Division 4 South"]
[Site "Reading, ENG"]
[Date "2018.05.06"]
[Round "10.99"]
[White "Davies, Merlin"]
[Black "Faizi, Tariq"]
[Result "0-1"]
[WhiteElo "1592"]
[BlackElo "1465"]
[PlyCount "90"]
[EventDate "2018.05.06"]

1. e4 e5 2. d4 exd4 3. Bc4 d6 4. Nf3 Nc6 5. O-O Nf6 6. Nxd4 Nxd4 7. Qxd4 Be7 8.
Bxf7+ Kxf7 9. f4 Ke8 10. Nc3 Be6 11. h3 c6 12. g4 Qb6 13. Qxb6 axb6 14. f5 Bc4
15. Re1 h6 16. b3 Bf7 17. Bb2 Nd7 18. Ne2 Bf6 19. Bxf6 gxf6 20. Red1 Ke7 21.
Nf4 Ne5 22. Kf2 h5 23. Kg3 hxg4 24. hxg4 Rag8 25. Ng6+ Bxg6 26. fxg6 Rxg6 27.
Rh1 Rxh1 28. Rxh1 Rxg4+ 29. Kf2 Rxe4 30. Rh7+ Ke6 31. Rxb7 b5 32. Rh7 Kd5 33.
Rh1 f5 34. Rh5 f4 35. Rf5 f3 36. Kf1 Re2 37. Rxf3 Rxc2 38. Rf2 Rxf2+ 39. Kxf2
Kd4 40. Ke2 Kc3 41. Ke3 Kb2 42. a4 bxa4 43. bxa4 Kc3 44. Ke4 Nc4 45. Kf5 d5 0-1

[Event "4NCL Division 4 South"]
[Site "Reading, ENG"]
[Date "2018.05.06"]
[Round "10.99"]
[White "Sheikh, Nasarullah"]
[Black "Sanfey, Gregor"]
[Result "1-0"]
[WhiteElo "1692"]
[BlackElo "1562"]
[PlyCount "47"]
[EventDate "2018.05.06"]

1. e4 e6 2. d3 d5 3. Nd2 Nf6 4. Ngf3 c5 5. g3 Be7 6. Bg2 O-O 7. O-O Nc6 8. Re1
Qc7 9. h4 b5 10. Nf1 d4 11. e5 Nd7 12. Bf4 Bb7 13. N1h2 Rfe8 14. h5 h6 15. Ng4
Bf8 16. Qd2 Kh7 17. Nh4 Ne7 18. Nf6+ gxf6 19. exf6 Qc8 20. fxe7 Rxe7 21. Bd6
Re8 22. Qf4 Bxg2 23. Qxf7+ Kh8 24. Ng6# 1-0

[Event "4NCL Division 4 South"]
[Site "Reading, ENG"]
[Date "2018.05.06"]
[Round "10.99"]
[White "Angelopoulos, Andreas"]
[Black "Sheikh, Anum"]
[Result "0-1"]
[WhiteElo "1532"]
[BlackElo "1605"]
[PlyCount "118"]
[EventDate "2018.05.06"]

1. d4 f5 2. c4 Nf6 3. Nc3 g6 4. Nf3 Bg7 5. Bf4 O-O 6. e3 d6 7. Be2 Nbd7 8. O-O
a6 9. Qb3 e6 10. c5 d5 11. Rac1 Ne4 12. Na4 g5 13. Bg3 g4 14. Ne5 Nd2 15. Qd3
Nxf1 16. Bxf1 Nxe5 17. Bxe5 Bxe5 18. dxe5 Bd7 19. Nc3 Qe7 20. Qd4 Rf7 21. b3
Raf8 22. a4 a5 23. Ne2 Rg7 24. Nf4 Qf7 25. Qc3 Ra8 26. Bd3 h5 27. Qd4 $11 27...
h4 28. g3 hxg3 29. fxg3 Rh7 30. Rc2 Bc6 31. Bf1 Qe8 32. Bd3 Rb8 33. Qc3 b5 34.
cxb6 Rxb6 35. Rd2 Rh6 36. Bc2 Rb4 37. Qc5 Rb8 38. Qxa5 Qe7 39. Qc3 Qb4 40. Qd3
Qe7 41. Bd1 Be8 42. Ra2 c5 43. a5 Bb5 44. Qb1 Ba6 45. Qc2 c4 46. bxc4 Bxc4 47.
Ra1 Qb4 48. Be2 Ra8 49. Bxc4 dxc4 50. a6 Qb6 51. Ng2 Rxa6 52. Rb1 Qc7 53. Qc3
Ra5 54. Rc1 Rc5 55. Qb4 Qxe5 56. Rxc4 Qa1+ 57. Kf2 Qa2+ 58. Kg1 Qxc4 59. Qb8+
Rc8 0-1

[Event "4NCL Division 4 South"]
[Site "Reading, ENG"]
[Date "2018.05.06"]
[Round "10.99"]
[White "Kilcline, Jenny"]
[Black "Angelopoulos, Nicos"]
[Result "1-0"]
[WhiteElo "1574"]
[BlackElo "1478"]
[PlyCount "49"]
[EventDate "2018.05.06"]

1. e4 c6 2. d4 d5 3. e5 Nd7 4. Bd3 c5 5. c3 e6 6. Ne2 cxd4 7. cxd4 Ne7 8. Ng3
Nc6 9. Bc2 Bb4+ 10. Nc3 O-O 11. Qh5 g6 12. Qd1 f6 13. exf6 Nxf6 14. Bg5 Qd6 15.
O-O Bxc3 16. bxc3 e5 17. f4 exd4 18. cxd4 Ng4 19. f5 h6 20. Qxg4 hxg5 21. Rad1
Ne7 22. Qxg5 Qf6 23. Qxf6 Rxf6 24. fxg6 Kg7 25. Nh5+ 1-0

[Event "4NCL Division 4 South"]
[Site "Reading, ENG"]
[Date "2018.05.06"]
[Round "10.99"]
[White "Karas, Eugenia"]
[Black "Jaufarally, Mohammud"]
[Result "1/2-1/2"]
[WhiteElo "1457"]
[BlackElo "1540"]
[PlyCount "172"]
[EventDate "2018.05.06"]

1. e4 c6 2. d4 d5 3. Nc3 Nf6 4. e5 Ne4 5. Nxe4 dxe4 6. f3 Bf5 7. Bc4 e6 8. c3
Be7 9. fxe4 Bxe4 10. Nf3 O-O 11. O-O Nd7 12. Qe2 Nb6 13. Qxe4 Nxc4 14. b3 Nb6
15. a4 Qd5 16. Qg4 f5 17. exf6 Bxf6 18. c4 Qf5 19. Qxf5 exf5 20. a5 Nc8 21. Bb2
Nd6 22. Rad1 Ne4 23. Nd2 c5 24. Nxe4 fxe4 25. Ba1 cxd4 26. Bxd4 a6 27. Bb6 Rf7
28. Rd6 Re8 29. Re1 Rfe7 30. Kf1 Be5 31. Rd5 Bxh2 32. Bd8 Rf7+ 33. Ke2 e3 34.
Kd3 Bf4 35. Bb6 Rfe7 36. Re2 Bh6 37. g4 Bf4 38. b4 h6 39. b5 axb5 40. cxb5 Bc7
41. Bxc7 Rxc7 42. Rxe3 Rxe3+ 43. Kxe3 Kf7 44. b6 Re7+ 45. Kd4 Ke8 46. Rb5 Rd7+
47. Kc5 Rd8 48. Rb2 Ra8 49. Kb5 Kd7 50. Rc2 Rc8 51. Rxc8 Kxc8 52. Kc5 g6 53.
Kd5 h5 54. g5 h4 55. Ke4 h3 56. Kf3 h2 57. Kg2 h1=Q+ 58. Kxh1 Kd7 59. Kg2 Kc6
60. Kf3 Kb5 61. Ke4 Kxa5 62. Ke5 Kxb6 63. Kf6 Kc6 64. Kxg6 b5 65. Kf6 b4 66. g6
b3 67. g7 b2 68. g8=Q b1=Q 69. Qc8+ Kd5 70. Qd7+ Kc4 71. Qc7+ Kb3 72. Qf7+ Ka3
73. Qa7+ Kb2 74. Qd4+ Ka2 75. Qa7+ Kb2 76. Qb6+ Kc2 77. Qf2+ Kc3 78. Qc5+ Kd2
79. Qf2+ Kc3 80. Qc5+ Kd2 81. Qa5+ Kc1 82. Qe1+ Kb2 83. Qe5+ Ka2 84. Qa5+ Kb2
85. Qb4+ Kc1 86. Qe1+ Kb2 1/2-1/2

[Event "4NCL Division 4 South"]
[Site "Reading, ENG"]
[Date "2018.05.06"]
[Round "10.99"]
[White "Kilcline, Declan A"]
[Black "Savas, Stoica M"]
[Result "1-0"]
[WhiteElo "1434"]
[BlackElo "1330"]
[PlyCount "29"]
[EventDate "2018.05.06"]

1. e4 c5 2. Nc3 e6 3. Bc4 Nc6 4. f4 d6 5. Nf3 Nf6 6. Bb3 g6 7. d3 Bg7 8. O-O a6
9. a4 Rb8 10. Qe1 d5 11. exd5 Nd4 12. dxe6 Nxe6 13. Ng5 Qb6 14. a5 Qc6 15. Ba4
1-0

[Event "4NCL Division 4 South"]
[Site "Reading, ENG"]
[Date "2018.05.06"]
[Round "10.99"]
[White "Willmoth, Kate"]
[Black "Jaufarally, Shazia"]
[Result "1/2-1/2"]
[WhiteElo "1373"]
[BlackElo "1277"]
[PlyCount "67"]
[EventDate "2018.05.06"]

1. e4 e5 2. Nf3 d6 3. Nc3 Nc6 4. Bb5 Bd7 5. d3 h6 6. Be3 Nf6 7. O-O Be7 8. Re1
Ng4 9. h3 Nxe3 10. Rxe3 Nd4 11. Bxd7+ Qxd7 12. Re1 Nb5 13. Nxb5 Qxb5 14. b3 Bf6
15. a4 Qd7 16. d4 exd4 17. Nxd4 c5 18. Nf5 Rd8 19. Rb1 O-O 20. Qd3 Rfe8 21.
Rbd1 d5 22. exd5 Rxe1+ 23. Rxe1 Qxd5 24. Qxd5 Rxd5 25. Ne7+ Bxe7 26. Rxe7 Rd2
27. Rxb7 Rxc2 28. Rxa7 Rb2 29. Rb7 c4 30. a5 Rxb3 31. a6 Ra3 32. a7 Kh7 33. Rc7
f6 34. Rxc4 1/2-1/2

[Event "4NCL Division 4 South"]
[Site "Reading, ENG"]
[Date "2018.05.06"]
[Round "10.99"]
[White "Thatte, Nishchal"]
[Black "Gazes, Matthew"]
[Result "0-1"]
[WhiteElo "1723"]
[BlackElo "1782"]
[PlyCount "108"]
[EventDate "2018.05.06"]

1. e4 Nf6 2. Nc3 d5 3. exd5 Nxd5 4. Nf3 Bg4 5. Bc4 c6 6. h3 Bh5 7. d4 e6 8. O-O
Nd7 9. Re1 Nxc3 10. bxc3 Be7 11. Rb1 Qc7 12. Bd3 Nf6 13. c4 O-O 14. c3 Rfd8 15.
Bg5 b6 16. Kh1 c5 17. Rg1 cxd4 18. cxd4 Rac8 19. Rc1 Ne4 20. Bxe4 Bxg5 21.
Bxh7+ $11 21... Kh8 22. Rb1 Bxf3 23. gxf3 Bf6 24. Bd3 Rxd4 25. Qe2 Rcd8 26.
Rbd1 Rh4 27. Qf1 Qf4 28. Rg3 Be5 29. Be4 Rxd1 30. Qxd1 f5 31. Qd8+ Kh7 32. Qe8
Qc1+ 33. Kg2 Bxg3 34. Qxe6 fxe4 35. Qf5+ Kh6 36. Qe6+ g6 37. Qe8 exf3+ 38. Kxf3
Qf4+ 39. Ke2 Qxf2+ 40. Kd3 Qd4+ 41. Kc2 Qxc4+ 42. Kb2 Qd4+ 43. Kc2 Be5 44. Qf8+
Bg7 45. Qa3 Qf2+ 46. Kb1 Qe1+ 47. Kc2 Rc4+ 48. Kd3 Rc3+ 49. Qxc3 Qxc3+ 50. Ke2
Kg5 51. Kf1 Kf4 52. Kf2 Qd2+ 53. Kf1 Kf3 54. Kg1 Qg2# 0-1

[Event "4NCL Division 4 South"]
[Site "Reading, ENG"]
[Date "2018.05.06"]
[Round "10.99"]
[White "Lettington, David"]
[Black "Pack, James"]
[Result "1/2-1/2"]
[WhiteElo "1643"]
[BlackElo "1690"]
[PlyCount "88"]
[EventDate "2018.05.06"]

1. Nf3 Nf6 2. g3 c5 3. Bg2 g6 4. O-O Bg7 5. d3 Nc6 6. e4 O-O 7. Nbd2 d6 8. c3
Bd7 9. h3 Rb8 10. a4 a6 11. Qe2 b5 12. axb5 axb5 13. e5 Nh5 14. d4 dxe5 15. d5
Na5 16. Nxe5 Nb7 17. Nc6 Bxc6 18. dxc6 Nd6 19. Ra7 Qb6 20. Rxe7 c4 21. Ne4 Nf5
22. Rb7 Rxb7 23. cxb7 Nhxg3 24. Nxg3 Nxg3 25. Qg4 Be5 26. Be3 Qe6 27. Qxe6 Ne2+
28. Kh1 fxe6 29. Ba7 Nf4 30. Bc6 Nd5 31. Bxb5 Bb8 32. Bxb8 Rxb8 33. Bxc4 Rxb7
34. Bxd5 exd5 35. Rb1 Rb3 36. Kg2 Kf7 37. Kf1 Ke6 38. Ke2 Ke5 39. Kd3 Rb5 40.
Re1+ Kd6 41. b4 Rb7 42. Re3 Rf7 43. Ke2 Rf4 44. Rg3 Rh4 1/2-1/2

[Event "4NCL Division 4 South"]
[Site "Reading, ENG"]
[Date "2018.05.06"]
[Round "10.99"]
[White "Ryan, John"]
[Black "Shearsby, Jude"]
[Result "1-0"]
[WhiteElo "1464"]
[BlackElo "1435"]
[PlyCount "67"]
[EventDate "2018.05.06"]

1. d4 Nf6 2. Nf3 Nc6 3. Bf4 d5 4. e3 Bf5 5. c3 e6 6. h3 h6 7. Bb5 Be7 8. Ne5
O-O 9. Bxc6 bxc6 10. Nxc6 Qe8 11. Nxe7+ Qxe7 12. O-O Rab8 13. b3 Rb6 14. Nd2
Rc6 15. c4 Bd3 16. Re1 dxc4 17. bxc4 Bxc4 18. Qa4 Bd5 19. e4 Rb6 20. exd5 Nxd5
21. Bg3 Rb4 22. Qxa7 Rfb8 23. Nf3 Qd8 24. Qc5 R4b5 25. Qc1 R5b7 26. Ne5 Nb4 27.
Nc6 Nxc6 28. Qxc6 Qxd4 29. Red1 Qa7 30. Qe4 Rb5 31. Rdc1 R5b7 32. Qd3 Re8 33.
Qd7 Rf8 34. Rxc7 1-0

[Event "4NCL Division 4 South"]
[Site "Reading, ENG"]
[Date "2018.05.06"]
[Round "10.99"]
[White "Ellis, Bryan Timothy"]
[Black "Rowles, Sarah"]
[Result "0-1"]
[WhiteElo "1317"]
[BlackElo "1506"]
[PlyCount "88"]
[EventDate "2018.05.06"]

1. d4 g6 2. Nf3 Bg7 3. e3 d6 4. Be2 Nd7 5. b3 e5 6. Bb2 Ne7 7. Nbd2 O-O 8. Ng5
h6 9. Ngf3 f5 10. dxe5 dxe5 11. Bc4+ Kh7 12. Be6 Nc6 13. Qe2 Qe7 14. Qc4 Nb6
15. Ba3 Qxa3 16. Bg8+ Rxg8 17. Qf7 Qe7 18. Qxe7 Nxe7 19. O-O-O Be6 20. g3 c5
21. e4 fxe4 22. Nxe4 Bg4 23. Rd3 Rad8 24. Nfg5+ hxg5 25. Nxg5+ Kh6 26. Nf7+ Kh5
27. Nxd8 e4 28. Rd6 Be5 29. Rd2 Bd4 30. Ne6 Bxe6 31. h3 e3 32. g4+ Kh4 33. Re2
Rf8 34. fxe3 Bg7 35. e4 Rf3 36. e5 Nbd5 37. Re4 Bh6+ 38. Kb1 Nc3+ 39. Kb2 Nxe4
40. Ka3 Rxh3 41. Rf1 Bxg4 42. Rf7 Bg5 43. Ka4 Bd7+ 44. Ka3 Bc1# 0-1

[Event "4NCL Division 4 South"]
[Site "Reading, ENG"]
[Date "2018.05.06"]
[Round "10.99"]
[White "Mellor, Jessica"]
[Black "Venkatesh, Anuj"]
[Result "1-0"]
[WhiteElo "1457"]
[BlackElo "1218"]
[PlyCount "149"]
[EventDate "2018.05.06"]

1. e4 e5 2. Nf3 Nc6 3. Bc4 Bc5 4. d3 Nf6 5. c3 Qe7 6. O-O O-O 7. Bg5 d6 8. h3
h6 9. Be3 Bxe3 10. fxe3 Be6 11. Nbd2 Rae8 12. Bxe6 fxe6 13. d4 d5 14. Nxe5 Nxe5
15. dxe5 Nxe4 16. Rxf8+ Rxf8 17. Nxe4 dxe4 18. Qd4 c5 19. Qxe4 Qf7 20. Qf4 Qxf4
21. exf4 Rxf4 22. Rd1 Re4 23. Rd8+ Kh7 24. Rd7 Rxe5 25. Rxb7 a5 26. Rb5 Re1+
27. Kf2 Ra1 28. Rxa5 Kg6 29. Ra6 Kf5 30. Ra5 e5 31. Rxc5 Rxa2 32. Rb5 Ke4 33.
Ke2 Kf4 34. c4 e4 35. c5 Ra1 36. Rb3 Rc1 37. Rc3 Ra1 38. g3+ Ke5 39. c6 Ra8 40.
c7 Rc8 41. Ke3 Kf5 42. Rc5+ Ke6 43. Kxe4 Kd6 44. Kd4 g5 45. b4 Kd7 46. b5 Rxc7
47. Rxc7+ Kxc7 48. Ke5 Kb6 49. Kf6 Kxb5 50. Kg6 Kc5 51. Kxh6 g4 52. h4 Kd4 53.
Kg5 Ke5 54. Kxg4 Kf6 55. Kf4 Kg6 56. g4 Kh6 57. h5 Kg7 58. g5 Kh7 59. Kf5 Kg7
60. g6 Kg8 61. h6 Kh8 62. Kf6 Kg8 63. h7+ Kh8 64. g7+ Kxh7 65. Kf7 Kh6 66. g8=Q
Kh5 67. Qg7 Kh4 68. Qg6 Kh3 69. Qg5 Kh2 70. Qg4 Kh1 71. Kf6 Kh2 72. Kf5 Kh1 73.
Kf4 Kh2 74. Kf3 Kh1 75. Qg2# 1-0

[Event "4NCL Division 4 South"]
[Site "Reading, ENG"]
[Date "2018.05.06"]
[Round "10.99"]
[White "Couchman, Andrew"]
[Black "Thatte, Nilesh"]
[Result "0-1"]
[WhiteElo "1126"]
[BlackElo "1211"]
[PlyCount "68"]
[EventDate "2018.05.06"]

1. d4 Nf6 2. Bf4 d5 3. e3 Nc6 4. Nf3 Bf5 5. Nc3 a6 6. Be2 e6 7. a3 h6 8. O-O
Ne4 9. Nxe4 Bxe4 10. Nd2 Bh7 11. c4 Bd6 12. Bxd6 Qxd6 13. c5 Qe7 14. Nb3 O-O
15. Qd2 b6 16. Rfc1 Rfb8 17. Bd1 e5 18. cxb6 Rxb6 19. Rc5 Rd8 20. Bc2 e4 21.
Bd1 Rd6 22. Rac1 Qd7 23. R1c3 Bf5 24. Qc2 Rg6 25. g3 h5 26. Bxh5 Rh6 27. Qe2 g6
28. g4 Be6 29. Bxg6 fxg6 30. g5 Rh3 31. Qf1 Rf3 32. Kh1 Rh3 33. Qg1 Bg4 34. a4
Bf3+ 0-1

[Event "4NCL Division 4 South"]
[Site "Reading, ENG"]
[Date "2018.05.06"]
[Round "10.99"]
[White "Wolstenholme, Otis"]
[Black "Karia, Rishul"]
[Result "1/2-1/2"]
[WhiteElo "1277"]
[BlackElo "1937"]
[PlyCount "60"]
[EventDate "2018.05.06"]

1. c4 Nf6 2. g3 g6 3. Bg2 Bg7 4. Nc3 d6 5. d3 c6 6. e4 O-O 7. Nge2 e5 8. O-O
Be6 9. b4 Qd7 10. Rb1 Bh3 11. b5 b6 12. bxc6 Nxc6 13. Nd5 Nxd5 14. cxd5 Ne7 15.
Bd2 Bxg2 16. Kxg2 f5 17. f4 Rac8 18. Qb3 fxe4 19. dxe4 Qg4 20. Qd3 Qd7 21. Qb3
Rc5 22. Bb4 Rc7 23. fxe5 Bxe5 24. Rxf8+ Kxf8 25. Qf3+ Kg7 26. Rf1 Qd8 27. Bxd6
Bxd6 28. Qf6+ Kh6 29. Qh4+ Kg7 30. Qf6+ Kh6 1/2-1/2

[Event "4NCL Division 4 South"]
[Site "Reading, ENG"]
[Date "2018.05.06"]
[Round "10.99"]
[White "Willmoth, Harrison"]
[Black "Carter, Gavin"]
[Result "1-0"]
[WhiteElo "1892"]
[BlackElo "1270"]
[PlyCount "63"]
[EventDate "2018.05.06"]

1. Nf3 b6 2. d4 Bb7 3. Bf4 Nf6 4. e3 e6 5. Bd3 Nc6 6. O-O Nd5 7. Bg3 d6 8. a3
f5 9. c4 Nf6 10. d5 Nh5 11. dxc6 Bxc6 12. Nd4 Nxg3 13. Nxc6 Qf6 14. hxg3 Qxb2
15. Nd2 Kd7 16. Nd4 Qc3 17. N2b3 c5 18. Rc1 Qb2 19. Rc2 Qxa3 20. Nb5 Qxb3 21.
Qe2 a6 22. Rc3 Qb4 23. Rb1 Qxb1+ 24. Bxb1 axb5 25. cxb5 Be7 26. e4 fxe4 27.
Bxe4 Ra1+ 28. Kh2 h5 29. Bc6+ Kd8 30. Qxe6 Ra7 31. Ra3 Rh6 32. Qg8+ 1-0

[Event "4NCL Division 4 South"]
[Site "Reading, ENG"]
[Date "2018.05.06"]
[Round "10.99"]
[White "Shah, Kyal"]
[Black "Kesterson, Kennan"]
[Result "0-1"]
[WhiteElo "1360"]
[BlackElo "1750"]
[PlyCount "90"]
[EventDate "2018.05.06"]

1. d4 Nf6 2. c4 g6 3. Nf3 Bg7 4. g3 d6 5. Bg2 O-O 6. O-O Nc6 7. d5 Na5 8. Nbd2
b6 9. b4 Nb7 10. Rb1 a5 11. Nd4 axb4 12. Nc6 Qe8 13. Nxb4 Nc5 14. Nb3 Bf5 15.
Rb2 Nfd7 16. Nd4 Na4 17. Rb3 Ndc5 18. Ra3 Bd7 19. Ndc6 Bxc6 20. Nxc6 Qd7 21.
Qc2 Rfe8 22. e4 e5 23. f4 exf4 24. Rxf4 Rf8 25. Kh1 Rae8 26. Bd2 Qc8 27. Rxa4
Nxa4 28. Qxa4 Qd7 29. Rh4 f5 30. Bh3 Qf7 31. Qc2 Kh8 32. Bc1 Bf6 33. Bb2 Kg8
34. Bxf6 Qxf6 35. Rf4 Rxe4 36. Qxe4 Qa1+ 37. Rf1 Qxf1+ 38. Bxf1 fxe4 39. Bh3
Ra8 40. Be6+ Kg7 41. Nd4 Rxa2 42. Kg1 e3 43. Bg4 Kf6 44. h3 h5 45. Be2 Rd2 0-1

[Event "4NCL Division 4 South"]
[Site "Reading, ENG"]
[Date "2018.05.06"]
[Round "10.99"]
[White "Karia, Devin"]
[Black "Carter, Rebecca"]
[Result "1-0"]
[WhiteElo "1750"]
[BlackElo "1187"]
[PlyCount "55"]
[EventDate "2018.05.06"]

1. d4 Nf6 2. Nf3 d5 3. Bf4 Bf5 4. e3 e6 5. c4 c6 6. c5 b6 7. b4 a5 8. b5 bxc5
9. bxc6 Nxc6 10. Bb5 Qb6 11. Qa4 O-O-O 12. Bxc6 Bxb1 13. Qb3 Qxb3 14. axb3 c4
15. Rxb1 c3 16. Rc1 Ne4 17. Ke2 Bd6 18. Bxd6 Rxd6 19. Ne5 Rf8 20. f3 f6 21.
fxe4 fxe5 22. Rxc3 exd4 23. exd4 dxe4 24. Bxe4+ Kd7 25. Ke3 h6 26. Rhc1 Ke7 27.
Rc7+ Kf6 28. Rf1+ 1-0

[Event "4NCL Division 4 South"]
[Site "Reading, ENG"]
[Date "2018.05.06"]
[Round "10.99"]
[White "Wolstenholme, Scarlet"]
[Black "Karia, Kamlesh"]
[Result "0-1"]
[WhiteElo "1255"]
[BlackElo "1607"]
[PlyCount "92"]
[EventDate "2018.05.06"]

1. d4 d5 2. c4 e6 3. Nf3 Nf6 4. g3 c6 5. Bg2 Be7 6. O-O Nbd7 7. Bf4 Nf8 8. Nbd2
Ng6 9. Be5 O-O 10. Bxf6 Bxf6 11. Qc2 Re8 12. h4 h5 13. b3 Bd7 14. Rfe1 e5 15.
dxe5 Nxe5 16. Ng5 Ng6 17. Ndf3 Qe7 18. Rac1 dxc4 19. bxc4 Bg4 20. c5 Bxf3 21.
Bxf3 Bxg5 22. hxg5 Qxg5 23. Qc4 h4 24. Rb1 Rab8 25. Red1 hxg3 26. Rd7 Ne5 27.
Qd4 Nxd7 28. Qxd7 gxf2+ 29. Kxf2 Qe3+ 30. Kg3 Re7 31. Qh3 Qg5+ 32. Kf2 Qxc5+
33. Kg2 Qg5+ 34. Kf2 Qh6 35. Qg3 Qe3+ 36. Kg2 Qe5 37. Qh3 Qg5+ 38. Kf2 Qe3+ 39.
Kg2 Qh6 40. Qg3 Qg6 41. Bg4 Rbe8 42. Re1 Re3 43. Qf2 Qxg4+ 44. Kh1 Rh3+ 45. Qh2
Rxh2+ 46. Kxh2 Qh4+ 0-1

[Event "4NCL Division 4 South"]
[Site "Reading, ENG"]
[Date "2018.05.06"]
[Round "10.99"]
[White "Vaidya, Raghav"]
[Black "Sheng, Benjamin"]
[Result "1-0"]
[WhiteElo "1570"]
[BlackElo "1112"]
[PlyCount "139"]
[EventDate "2018.05.06"]

1. e4 d5 2. exd5 Nf6 3. c4 c6 4. d4 cxd5 5. Nc3 Nc6 6. Nf3 Bf5 7. Be3 Nb4 8.
Qa4+ Nc6 9. Qb3 e6 10. h3 Nb4 11. Rc1 h6 12. a3 Nd3+ 13. Bxd3 Bxd3 14. Nxd5
exd5 15. Qxd3 Be7 16. O-O O-O 17. Rfe1 Qc7 18. cxd5 Qb6 19. Bxh6 Nxd5 20. Be3
Qxb2 21. Ra1 Qc3 22. Qxc3 Nxc3 23. Bd2 Nd5 24. Reb1 Nb6 25. Ba5 Nc4 26. Rxb7
Bxa3 27. Bb4 Bxb4 28. Rxb4 Rfc8 29. Rb7 a5 30. d5 a4 31. Rb4 a3 32. Ne1 a2 33.
Nd3 Rcb8 34. Rxb8+ Rxb8 35. Rxa2 Rb1+ 36. Kh2 Rd1 37. Nb4 f5 38. Ra7 Nd2 39.
Kg3 g5 40. f4 Ne4+ 41. Kf3 Rf1+ 42. Ke2 Rf2+ 43. Ke1 Rxg2 44. fxg5 Rg1+ 45. Ke2
Rxg5 46. Kf3 Rg3+ 47. Kf4 Rxh3 48. Kxf5 Nd6+ 49. Ke6 Rh6+ 50. Ke5 Nc4+ 51. Kd4
Rh4+ 52. Kc5 Ne5 53. Re7 Rc4+ 54. Kb5 Re4 55. Nc6 Re1 56. Rxe5 Rb1+ 57. Kc5
Rc1+ 58. Kd6 Ra1 59. Kc7 Rh1 60. d6 Rh7+ 61. Re7 Rxe7+ 62. dxe7 Kf7 63. Kd7 Kg6
64. e8=Q+ Kf5 65. Qe3 Kg4 66. Ke6 Kh4 67. Qf4+ Kh5 68. Qg3 Kh6 69. Kf6 Kh5 70.
Qg5# 1-0